| 000 | 02798cam a22004211i 4500 | ||
|---|---|---|---|
| 003 | SA_RiAUC | ||
| 005 | 20241014132004.0 | ||
| 008 | 241014s2012 su g 001 0 ara c | ||
| 040 |
_aSA-MaMIU _bara _cSA-RiAUC _erda |
||
| 050 | _bG43 2012. | ||
| 082 | 0 | 4 |
_a237.6 _qSA-RiAUC |
| 090 |
_a237.6 _b غ ا م |
||
| 100 | 1 |
_aالغامدي، سعيد عبد الله عياش _eمؤلف. |
|
| 245 | 1 | 2 |
_aالإتحاف بتخريج أحاديث شرح المنتهى والكشاف / _cتأليف سعيد عبد الله عياش الغامدي. |
| 250 |
_aالطبعة الأولى / _bالمشرف على تنفيذ الطباعة المطابع الريحانية ؛ المنفذ للطبع إشرافا ومتابعة صالح شبرق ؛ المسؤول عن التصحيح خالد آل عياش. |
||
| 264 | 1 |
_aالباحة، السعودية : _b[الناشر غير محدد]، _c2012 |
|
| 300 |
_a9 مجلد ؛ _c17× 24 سم |
||
| 336 |
_aنص _btxt _2rdacontent _3كتاب |
||
| 337 |
_aبدون وسيط _bn _2rdamedia |
||
| 338 |
_aمجلد _bnc _2rdacarrier |
||
| 500 | _aيشتمل على كشافات. | ||
| 505 | 0 | _aالمحتويات : مجلد 1. الحديث رقم 1-317- مجلد 2. الحديث رقم 318-793- مجلد 3. الحديث رقم 794-1367- مجلد 4. الحديث رقم 1368- 1844- مجلد 5. الحديث رقم 1845-2320- مجلد 6. الحديث رقم 2321-2781- مجلد 7. الحديث رقم 2782-3213- مجلد 8. الحديث رقم 3214-3600- مجلد 9. الفهارس العامة. | |
| 650 | 7 |
_aالحديث _xمستخرجات _2aucsh |
|
| 650 | 7 |
_aالحديث _xإسناد _2aucsh |
|
| 700 | 1 |
_aالبهوتي، منصور بن يونس بن صلاح الدين، _d1000-1051 هجري |
|
| 700 | 1 | 2 |
_aالحجاوي، موسى بن أحمد بن موسى، _dتوفي 968 هجري |
| 700 | 1 | 2 |
_aابن النجار، محمد بن أحمد بن عبد العزيز، _d898-972 هجري |
| 700 | 1 | 2 |
_aابن قدامة، عبد الله بن أحمد، _d541-620 هجري _tالمقنع في فقه إمام السنة أحمد بن حنبل. |
| 700 | 1 | 2 |
_aالمرداوي، علي بن سليمان بن أحمد، _d817-885 هجري _tالتنقيح المشبع في تحرير أحكام المقنع. |
| 740 | 0 | 2 | _aمنتهى الإرادات في الجمع بين المقنع والتنقيح وزيادات. |
| 740 | 0 | 2 | _aكشاف القناع عن متن الإقناع. |
| 740 | 2 | 2 | _aالإقناع لطالب الانتفاع. |
| 740 | 2 | 2 | _aالمقنع في فقه إمام السنة أحمد بن حنبل. |
| 740 | 2 | 2 | _aالتنقيح المشبع في تحرير أحكام المقنع. |
| 740 | 0 | 2 | _aشرح منتهى الإرادات. |
| 942 |
_2ddc _cBOOK _n0 |
||
| 949 |
_aSA-JeALM _d241014 _ueid123 _n1 |
||
| 999 |
_c1304 _d1304 |
||